| 000 | 00822nam a2200205Ia 4500 | ||
|---|---|---|---|
| 999 |
_c36144 _d36144 |
||
| 003 | OSt | ||
| 005 | 20210219170819.0 | ||
| 008 | 160316s2014 xxu||||| |||| 00| 0 eng d | ||
| 040 | _c. | ||
| 082 |
_a343.04 _bSHO |
||
| 100 | _aShome Parthasarathi | ||
| 245 | _aTax administration reform in India spirit, purpose and empowerment | ||
| 260 |
_aNew Delhi _bTax Administration Reform Commission _c2014 |
||
| 300 |
_a550p _cxviii |
||
| 365 | _b Gratis | ||
| 505 | _aTable of Contents Chapter I Executive Summary; Chapter II Costumer Focus; Chapter III Structure and Governance; Chapter IV People Function ; Chapter V Dispute Management; Chapter VI Key Internal Processes; Chapter VII Information and Communication Technology. | ||
| 650 | _a1. Taxation - Tax Law - India | ||
| 700 |
_a _a |
||
| 942 |
_2ddc _cBK |
||